<?xml version="1.0" encoding="UTF-8"?>
<record
    xmlns:xsi="http://www.w3.org/2001/XMLSchema-instance"
    xsi:schemaLocation="http://www.loc.gov/MARC21/slim http://www.loc.gov/standards/marcxml/schema/MARC21slim.xsd"
    xmlns="http://www.loc.gov/MARC21/slim">

  <leader>00698pam a2200241 a 4500</leader>
  <datafield tag="952" ind1=" " ind2=" ">
    <subfield code="0">0</subfield>
    <subfield code="1">0</subfield>
    <subfield code="2">ddc</subfield>
    <subfield code="4">0</subfield>
    <subfield code="7">0</subfield>
    <subfield code="8">BIOLOGY</subfield>
    <subfield code="a">MES</subfield>
    <subfield code="b">MES</subfield>
    <subfield code="c">BOTANY</subfield>
    <subfield code="d">2022-11-09</subfield>
    <subfield code="g">6500.00</subfield>
    <subfield code="l">7</subfield>
    <subfield code="m">8</subfield>
    <subfield code="o">574.87 KAR/C</subfield>
    <subfield code="p">41758</subfield>
    <subfield code="r">2026-02-25 14:26:13</subfield>
    <subfield code="s">2026-02-10</subfield>
    <subfield code="w">2022-11-09</subfield>
    <subfield code="y">BK</subfield>
    <subfield code="z">GL18R3</subfield>
  </datafield>
  <datafield tag="999" ind1=" " ind2=" ">
    <subfield code="c">41788</subfield>
    <subfield code="d">41788</subfield>
  </datafield>
  <controlfield tag="001">462271</controlfield>
  <controlfield tag="003">OSt</controlfield>
  <controlfield tag="005">20221109125056.0</controlfield>
  <controlfield tag="008">831024s1984    nyua     b    001 0 eng  </controlfield>
  <datafield tag="010" ind1=" " ind2=" ">
    <subfield code="a">   83022278 </subfield>
  </datafield>
  <datafield tag="020" ind1=" " ind2=" ">
    <subfield code="a">9781118318744</subfield>
  </datafield>
  <datafield tag="040" ind1=" " ind2=" ">
    <subfield code="a">DLC</subfield>
    <subfield code="c">DLC</subfield>
    <subfield code="d">DLC</subfield>
  </datafield>
  <datafield tag="050" ind1="0" ind2="0">
    <subfield code="a">QH581.2</subfield>
    <subfield code="b">.K37 1984</subfield>
  </datafield>
  <datafield tag="082" ind1="0" ind2="0">
    <subfield code="a">574.87</subfield>
    <subfield code="2">19</subfield>
    <subfield code="b">KAR/C</subfield>
  </datafield>
  <datafield tag="100" ind1="1" ind2=" ">
    <subfield code="a">Karp, Gerald</subfield>
    <subfield code="9">9292</subfield>
  </datafield>
  <datafield tag="245" ind1="1" ind2="0">
    <subfield code="a">Cell biology /</subfield>
    <subfield code="c">Gerald Karp.</subfield>
  </datafield>
  <datafield tag="250" ind1=" " ind2=" ">
    <subfield code="a">7th ed.</subfield>
  </datafield>
  <datafield tag="260" ind1=" " ind2=" ">
    <subfield code="a">Sigapore :</subfield>
    <subfield code="b">John wiley,</subfield>
    <subfield code="c">c2014.</subfield>
  </datafield>
  <datafield tag="300" ind1=" " ind2=" ">
    <subfield code="a">xvi, 896 p. :</subfield>
    <subfield code="b">ill. (some col.) ;</subfield>
    <subfield code="c">27 cm.</subfield>
  </datafield>
  <datafield tag="504" ind1=" " ind2=" ">
    <subfield code="a">Includes bibliographies and index.</subfield>
  </datafield>
  <datafield tag="650" ind1=" " ind2="0">
    <subfield code="a">Cytology.</subfield>
  </datafield>
  <datafield tag="942" ind1=" " ind2=" ">
    <subfield code="2">ddc</subfield>
    <subfield code="c">BK</subfield>
    <subfield code="h">574.87</subfield>
    <subfield code="i">KAR/C</subfield>
    <subfield code="k">574.87</subfield>
    <subfield code="m">KAR/C</subfield>
  </datafield>
</record>
